[Event "XXIII Miedzynarodowy Festiwal Szachowy "]
[Site "Krakow, Hotel Galaxy  ul. Ges"]
[Date "2013.01.03"]
[Round "8.39"]
[White "Mika, Andrzej"]
[Black "Carbonaro, Davidei"]
[Result "1/2-1/2"]
[WhiteElo "1811"]
[BlackElo "1608"]
[PlyCount "62"]
[EventDate "2013.??.??"]

1. e4 e6 2. d4 d5 3. Nd2 Nf6 4. e5 Nfd7 5. Bd3 c5 6. c3 Nc6 7. Ne2 Be7 8. O-O
cxd4 9. cxd4 O-O 10. Nf3 f5 11. exf6 Nxf6 12. Ne5 Nxe5 13. dxe5 Ng4 14. Nf4
Nxe5 15. Bxh7+ Kxh7 16. Qh5+ Kg8 17. Qxe5 Bd6 18. Qd4 Qf6 19. Qxf6 Rxf6 20. g3
Bd7 21. Be3 Bc6 22. Rfe1 a6 23. Rad1 Kf7 24. b3 Rh8 25. h4 Bxf4 26. Bxf4 Rxf4
27. gxf4 Rxh4 28. f3 Rxf4 29. Kg2 d4 30. Rd3 g5 31. Kg3 Kf6 1/2-1/2

[Event "XXIII Miedzynarodowy Festiwal Szachowy "]
[Site "Krakow, Hotel Galaxy  ul. Ges"]
[Date "2013.01.03"]
[Round "8.40"]
[White "Hodorowicz, Kamil"]
[Black "Lewczuk, Antoni"]
[Result "1/2-1/2"]
[WhiteElo "1841"]
[BlackElo "1604"]
[PlyCount "27"]
[EventDate "2013.??.??"]

1. d4 b6 2. c4 Bb7 3. Nc3 e6 4. Nf3 Bb4 5. Bd2 Nf6 6. g3 d6 7. Bg2 Nbd7 8. O-O
O-O 9. Qc2 Bxc3 10. Bxc3 Be4 11. Qd2 Bb7 12. Qc2 Be4 13. Qd2 Bb7 14. Qc2
1/2-1/2

[Event "XXIII Miedzynarodowy Festiwal Szachowy "]
[Site "Krakow, Hotel Galaxy  ul. Ges"]
[Date "2013.01.03"]
[Round "8.41"]
[White "Klementys, Jerzy"]
[Black "Miszkielo, Bartosz"]
[Result "1-0"]
[WhiteElo "1798"]
[BlackElo "1600"]
[PlyCount "77"]
[EventDate "2013.??.??"]

1. d4 Nf6 2. c4 c5 3. d5 e6 4. Nc3 exd5 5. cxd5 d6 6. e4 g6 7. Nf3 Bg7 8. Be2
Bg4 9. O-O Bxf3 10. Bxf3 O-O 11. Bf4 Re8 12. Re1 a6 13. a4 Qc7 14. g4 Nfd7 15.
h4 Ne5 16. Be2 Qe7 17. g5 Rf8 18. Kg2 f6 19. Be3 Nf7 20. f4 fxg5 21. hxg5 h6
22. gxh6 Bxh6 23. Bg4 Nd7 24. Be6 Kg7 25. Qg4 Nf6 26. Qg3 Nh5 27. Qh2 Nd8 28.
f5 Bxe3 29. Rxe3 Rh8 30. Rh3 Qg5+ 31. Kf3 Nxe6 32. dxe6 Nf4 33. Rg3 Qf6 34. Qg1
Qe5 35. Rxg6+ Kf8 36. Rg4 Rh3+ 37. Rg3 Rh8 38. Rd1 Rd8 39. Qe3 1-0

[Event "XXIII Miedzynarodowy Festiwal Szachowy "]
[Site "Krakow, Hotel Galaxy  ul. Ges"]
[Date "2013.01.03"]
[Round "8.42"]
[White "Grabarczyk, Sylwester"]
[Black "Berek, Michal"]
[Result "1-0"]
[WhiteElo "1722"]
[BlackElo "1570"]
[PlyCount "57"]
[EventDate "2013.??.??"]

1. d4 Nf6 2. c4 g6 3. Nc3 d5 4. Nf3 Bg7 5. c5 Bg4 6. Ne5 Bf5 7. Qb3 Bc8 8. e4
c6 9. exd5 Nxd5 10. Bc4 e6 11. Ne4 O-O 12. Nd6 b6 13. Nxc8 Qxc8 14. Bxd5 exd5
15. cxb6 axb6 16. Qxb6 Ra6 17. Qc5 Re8 18. O-O Bxe5 19. dxe5 Rxe5 20. Bf4 Nd7
21. Qc3 Re4 22. Bh6 d4 23. Qd2 c5 24. f3 Re7 25. b4 cxb4 26. Rac1 Rc6 27. Qxd4
Re5 28. Rxc6 Qxc6 29. Rc1 1-0

[Event "XXIII Miedzynarodowy Festiwal Szachowy "]
[Site "Krakow, Hotel Galaxy  ul. Ges"]
[Date "2013.01.03"]
[Round "8.43"]
[White "Roneid, Heidi"]
[Black "Kucharska, Honorata"]
[Result "0-1"]
[WhiteElo "1674"]
[BlackElo "1558"]
[PlyCount "42"]
[EventDate "2013.??.??"]

1. e4 e6 2. d4 d5 3. Nd2 c5 4. exd5 exd5 5. Ne2 Nc6 6. Nf3 Nf6 7. Ng3 Bg4 8.
Be3 cxd4 9. Bg5 Bb4+ 10. Bd2 Bxd2+ 11. Qxd2 Ne4 12. Nxe4 dxe4 13. Ng1 O-O 14.
h3 Be6 15. O-O-O Qd5 16. b3 a5 17. Ne2 Qc5 18. Nxd4 Rfd8 19. Kb2 Qxd4+ 20. Qxd4
Rxd4 21. Bb5 Rad8 0-1

[Event "XXIII Miedzynarodowy Festiwal Szachowy "]
[Site "Krakow, Hotel Galaxy  ul. Ges"]
[Date "2013.01.03"]
[Round "8.48"]
[White "Ochowicz, Jakub"]
[Black "Cebula, Alicja"]
[Result "0-1"]
[WhiteElo "1562"]
[BlackElo "1590"]
[PlyCount "106"]
[EventDate "2013.??.??"]

1. e4 e5 2. Nf3 Nc6 3. Bb5 Nge7 4. O-O Ng6 5. d4 exd4 6. Bxc6 dxc6 7. Nxd4 Bd6
8. Be3 Qh4 9. Nf3 Qxe4 10. Re1 O-O 11. Bxa7 Qd5 12. Qxd5 cxd5 13. Be3 Bf5 14.
c3 Nf4 15. Bxf4 Bxf4 16. Nbd2 c5 17. Nb3 b6 18. h3 Be4 19. Nfd2 Bc2 20. Nf3
Rfe8 21. Nbd2 g6 22. a3 Re6 23. Rxe6 fxe6 24. Re1 Kf7 25. Re2 Bd3 26. Ne5+ Bxe5
27. Rxe5 Re8 28. Re3 Ba6 29. Nf3 Kf6 30. Kh2 e5 31. g4 h6 32. Kg3 Re6 33. Kh2
d4 34. cxd4 exd4 35. Rxe6+ Kxe6 36. Kg3 Be2 37. b3 Kd5 38. Nd2 c4 39. bxc4+
Bxc4 40. f4 Bd3 41. h4 Kc5 42. h5 gxh5 43. gxh5 Bf5 44. Kf3 Kb5 45. Ke2 Kc5 46.
Kf3 b5 47. Nf1 Kc4 48. Ng3 Be6 49. f5 Bd5+ 50. Kf4 d3 51. Nf1 Kc3 52. Ke3 Bf7
53. Ng3 Bxh5 0-1

[Event "XXIII Miedzynarodowy Festiwal Szachowy "]
[Site "Krakow, Hotel Galaxy  ul. Ges"]
[Date "2013.01.03"]
[Round "8.51"]
[White "Dobrzanska, Magdalena"]
[Black "Szado, Jerzy"]
[Result "0-1"]
[WhiteElo "1457"]
[BlackElo "1554"]
[PlyCount "66"]
[EventDate "2013.??.??"]

1. d4 d5 2. c4 e6 3. Nc3 Nf6 4. Nf3 Nbd7 5. Bf4 c6 6. e3 Be7 7. Bd3 dxc4 8.
Bxc4 Nd5 9. Nxd5 exd5 10. Bd3 Bb4+ 11. Nd2 Nf6 12. O-O O-O 13. a3 Bd6 14. Bg5
Qc7 15. Bxf6 gxf6 16. Qh5 f5 17. g4 f6 18. Kh1 fxg4 19. Rg1 Qf7 20. Qh6 Kh8 21.
Rg2 Be6 22. Rag1 f5 23. f3 Qf6 24. Qxf6+ Rxf6 25. fxg4 fxg4 26. Be2 h5 27. Bd1
Raf8 28. e4 dxe4 29. Nxe4 Bd5 30. Nxf6 Rxf6 31. Re1 Rf2 32. Reg1 Rxb2 33. Be2
Rxe2 0-1

[Event "XXIII Miedzynarodowy Festiwal Szachowy "]
[Site "Krakow, Hotel Galaxy  ul. Ges"]
[Date "2013.01.03"]
[Round "8.52"]
[White "Dyga, Ryszard"]
[Black "Ujma, Czeslaw"]
[Result "1-0"]
[WhiteElo "1595"]
[BlackElo "1510"]
[PlyCount "85"]
[EventDate "2013.??.??"]

1. e4 c5 2. Nf3 d6 3. d4 cxd4 4. Nxd4 Nf6 5. Nc3 a6 6. Be2 e6 7. O-O Be7 8. Be3
Bd7 9. Bf3 Bc6 10. Nxc6 Nxc6 11. Qd2 Qc7 12. Bf4 e5 13. Bg5 Nd4 14. Bd1 h6 15.
Bxf6 Bxf6 16. Nd5 Qd8 17. Nxf6+ Qxf6 18. c3 Nc6 19. Qd5 O-O 20. Bb3 Rab8 21. a3
Ne7 22. Qd2 Qg6 23. Qe3 Kh8 24. Bc2 f5 25. f4 fxe4 26. fxe5 Rxf1+ 27. Rxf1 dxe5
28. Bxe4 Qd6 29. Bc2 h5 30. Qg5 Ng8 31. Qxh5+ Nh6 32. Kh1 Rf8 33. Rxf8+ Qxf8
34. Qe2 Ng4 35. g3 Qf6 36. Kg2 Qg5 37. h3 Ne3+ 38. Kh2 Nxc2 39. Qxc2 Qe7 40.
Qe4 Qf6 41. Kg2 Qc6 42. Qxc6 bxc6 43. Kf3 1-0